|
|
|
|
| LEADER |
00000nam a2200000Ii 4500 |
| 001 |
DIGTRO0161 |
| 003 |
NyNyDIG |
| 006 |
m o d |
| 007 |
cr ||||||||||| |
| 008 |
220707s2017 sp ob 000 0 spa d |
| 035 |
|
|
|a (OCoLC)1350507682
|
| 040 |
|
|
|a DGITA
|b eng
|e rda
|e pn
|c DGITA
|
| 020 |
|
|
|a 9788413640099
|q ePub
|
| 020 |
|
|
|z 9788498797022
|
| 041 |
1 |
|
|a spa
|h chi
|
| 050 |
1 |
4 |
|a U101 ebook
|
| 082 |
0 |
4 |
|a 355.02
|
| 100 |
0 |
|
|a Sunzi,
|d active 6th century B.C,
|e author.
|
| 240 |
1 |
0 |
|a Sunzi bing fa.
|l Spanish
|s (Galvany)
|
| 245 |
1 |
3 |
|a El arte de la guerra /
|c Sunzi ; prólogo de Jean Levi ; introducción, traducción del chino antiguo y notas de Albert Galvany.
|
| 250 |
|
|
|a Novena edición revisada.
|
| 264 |
|
1 |
|a [Madrid] :
|b Editorial Trotta,
|c 2017.
|
| 300 |
|
|
|a 1 online resource.
|
| 336 |
|
|
|a text
|b txt
|2 rdacontent
|
| 337 |
|
|
|a computer
|b c
|2 rdamedia
|
| 338 |
|
|
|a online resource
|b cr
|2 rdacarrier
|
| 347 |
|
|
|a text file
|2 rdaft
|
| 347 |
|
|
|b EPUB
|
| 490 |
1 |
|
|a Pliegos de Oriente
|
| 504 |
|
|
|a Includes bibliographical references.
|
| 588 |
0 |
|
|a Online resource; title from ePub title page (Digitalia, viewed July 7, 2022)
|
| 650 |
|
0 |
|a Military art and science
|v Early works to 1800.
|
| 655 |
|
0 |
|a Electronic books.
|
| 700 |
1 |
|
|a Lévi, Jean,
|e contributor agent of text.
|
| 700 |
1 |
|
|a Galvany, Albert,
|e translator,
|e contributor agent of text.
|
| 700 |
1 |
|
|i Translation of:
|a Sunzi,
|d active 6th century B.C.
|t Sunzi bing fa.
|
| 791 |
2 |
|
|a Digitalia (Firm),
|e distributor.
|
| 793 |
0 |
|
|g Digitalia eBook Collection:
|a Trotta Editorial
|
| 776 |
0 |
8 |
|i Print version:
|a Sunzi, active 6th century B.C.
|s Sunzi bing fa. Spanish (Galvany).
|t Arte de la guerra.
|d [Madrid] : Editorial Trotta, [2017]
|z 9788498797022
|
| 830 |
|
0 |
|a Pliegos de Oriente.
|
| 856 |
4 |
0 |
|3 Digitalia Hispánica
|u https://www.digitaliapublishing.com/a/109844/
|
| 910 |
|
|
|a Premium collection: 2022
|